Social media and womanempowerment in Bangladesh: Dairy value chain perspective / (Record no. 15766)

MARC details
000 -LEADER
fixed length control field 00781nam a22002417a 4500
001 - CONTROL NUMBER
control field BD-DhSAU #
003 - CONTROL NUMBER IDENTIFIER
control field BD-DhSAU
005 - DATE AND TIME OF LATEST TRANSACTION
control field 20230314131118.0
008 - FIXED-LENGTH DATA ELEMENTS--GENERAL INFORMATION
fixed length control field 151014b2008 bg ||||| |||| 001 0 eng d
040 ## - CATALOGING SOURCE
Original cataloging agency BD-DhSAU
082 ## - DEWEY DECIMAL CLASSIFICATION NUMBER
Edition number 22
Classification number 331.4
Item number An787
100 #M - MAIN ENTRY--PERSONAL NAME
Personal name Anny, Sauda Afrin
245 ## - TITLE STATEMENT
Title Social media and womanempowerment in Bangladesh: Dairy value chain perspective /
Remainder of title Thesis (MSc. Food Economics and Marketing)
260 ## - PUBLICATION, DISTRIBUTION, ETC. (IMPRINT)
Place of publication, distribution, etc. University of Reading :
Name of publisher, distributor, etc. Department of Agricultural Economics;
Date of publication, distribution, etc. 2021.
300 ## - PHYSICAL DESCRIPTION
Extent ix, 93 p. :
Other physical details ill. ;
Dimensions 30 cm.
504 ## - BIBLIOGRAPHY, ETC. NOTE
Bibliography, etc Includes Bibliographical References .
590 ## - Name of Cataloguer
Name of Cataloger Nazmul
600 ## - SUBJECT ADDED ENTRY--PERSONAL NAME
Fuller form of name Social media
610 ## - SUBJECT ADDED ENTRY--CORPORATE NAME
Corporate name or jurisdiction name as entry element womanempowerment
650 ## - SUBJECT ADDED ENTRY--TOPICAL TERM
Source of heading or term Dairy value chain perspective
856 ## - ELECTRONIC LOCATION AND ACCESS
Uniform Resource Identifier <a href="No">No</a>
942 ## - ADDED ENTRY ELEMENTS (KOHA)
Source of classification or shelving scheme Dewey Decimal Classification
Koha item type MS Level Thesis
Holdings
Withdrawn status Lost status Source of classification or shelving scheme Damaged status Not for loan Collection code Home library Branch Name Date acquired Total Checkouts Full call number Barcode Date last seen Price effective from Koha item type
    Dewey Decimal Classification   Not For Loan Reference SAU Library SAU Library 29/03/2022   331.4 An787 43184 29/03/2022 29/03/2022 PhD Thesis